000 00316nam a22001457a 4500
008 230612b ||||| |||| 00| 0 eng d
020 _a9781931719070
041 _aeng
080 _a159.9
082 _a159.9COO
100 _a25
101 _aPSI
245 _aFAMILIES IN CONTEXT
_cCOONEY.M.T
942 _2udc
_cBK
999 _c59942
_d59942